[Event "CHN Team Women 2017"]
[Site "Beijing CHN"]
[Date "2017.06.06"]
[Round "1.6"]
[White "Xiao,Yiyi"]
[Black "Jiang,Zhaoyi"]
[Result "1-0"]
[WhiteElo "2287"]
[BlackElo "2063"]
[EventType "team"]

1.c4 f5 2.Nf3 Nf6 3.g3 e6 4.Bg2 d5 5.O-O Bd6 6.d4 c6 7.b3 Qe7 8.Bb2 O-O 9.Ne5
b6 10.Nd2 Bb7 11.Ndf3 a5 12.Qc2 Na6 13.Rac1 Rac8 14.Qb1 Ne4 15.e3 c5 16.Rfd1
cxd4 17.Bxd4 Ba3 18.Bb2 Bd6 19.Nd2 Nac5 20.cxd5 Bxd5 21.Nec4 Rc6 22.Nxd6 Rxd6
23.Nf3 Rfd8 24.Be5 R6d7 25.Nd4 Ba8 26.f4 Nf6 27.b4 Nce4 28.b5 Ng4 29.Nc6 Rxd1+
30.Rxd1 Bxc6 31.bxc6 Nxe5 32.Rxd8+ Qxd8 33.Bxe4 Nf7 34.Bf3 Nd6 35.a4 Nc8
36.Qb5 Qd2 37.Qe5 Qc1+ 38.Kg2 Qc2+ 39.Kh3 Qc4 40.Qb8 Qf1+ 41.Bg2 Qa6 42.Qb7
{#r} 1-0

[Event "CHN Team Women 2017"]
[Site "Beijing CHN"]
[Date "2017.06.08"]
[Round "3.5"]
[White "Ning,Kaiyu"]
[Black "Jiang,Zhaoyi"]
[Result "1-0"]
[WhiteElo "2078"]
[BlackElo "2063"]
[EventType "team"]

1.d4 f5 2.g3 Nf6 3.Bg2 e6 4.c4 d5 5.Nf3 c6 6.O-O Bd6 7.b3 Qe7 8.Bb2 b6 9.Qc2
O-O 10.e3 Bb7 11.Nc3 Nbd7 12.Ne2 c5 13.Ne5 Ne4 14.f3 Nef6 15.Nf4 Rac8 16.Qe2
Ba6 17.Rac1 Rfd8 18.Rfe1 dxc4 19.bxc4 cxd4 20.exd4 Bxe5 21.dxe5 Ne8 22.Bf1 Rc6
23.Qe3 Nc5 24.Red1 Kf7 25.Ba3 Qg5 26.Rd2 Rxd2 27.Qxd2 Rc7 28.Rd1 Rd7 29.Qxd7+
Nxd7 30.Rxd7+ Kg8 31.Re7 h5 32.Rxe8+ Kh7 33.Be7 Qh6 34.h4 {#r} 1-0

[Event "12th American Continental"]
[Site "Medellin COL"]
[Date "2017.06.11"]
[Round "2.2"]
[White "Bachmann,Ax"]
[Black "Palencia,W"]
[Result "1-0"]
[WhiteElo "2653"]
[BlackElo "2343"]

1.Nf3 e6 2.g3 f5 3.Bg2 Nf6 4.c4 Be7 5.d4 d5 6.O-O O-O 7.b3 Bd7 8.Ba3 Be8 9.Qc1
Nc6 10.Bxe7 Qxe7 11.e3 Bh5 12.Nc3 Rad8 13.Qb2 Ne4 14.Rac1 Rf7 15.Ne1 Nb8
16.Nd3 Nxc3 17.Rxc3 c6 18.b4 Nd7 19.cxd5 exd5 20.Nf4 Bg6 21.b5 Nb6 22.Qa3 Qxa3
23.Rxa3 Nc8 24.Rb1 Rf6 25.bxc6 bxc6 26.Rb8 Rfd6 27.Bh3 Kf7 28.Nd3 Kf6 29.Nc5
Re8 30.Bf1 Rdd8 31.Ra6 Rd6 32.Nb7 Rde6 33.Na5 Ne7 34.Rxe8 Bxe8 35.Rxa7 g5
36.Nb3 Nc8 37.Rxh7 Bg6 38.Rc7 Re8 39.Rxc6+ Kg7 40.Nc5 Bf7 41.Nd3 Ne7 42.Rc7
Ng6 43.a4 f4 44.a5 Rb8 45.a6 Rb3 46.Ne5 Nxe5 47.dxe5 Kg6 48.a7 Ra3 49.Rc6+ Kg7
50.Ra6 {#r} 1-0

[Event "18th ch-EUR Indiv 2017"]
[Site "Minsk BLR"]
[Date "2017.06.06"]
[Round "7.46"]
[White "Hamitevici,V"]
[Black "Onischuk,V"]
[Result "0-1"]
[WhiteElo "2487"]
[BlackElo "2608"]

1.e4 d6 2.d4 Nf6 3.Bd3 g6 4.Nf3 Bg7 5.O-O O-O 6.c3 Nbd7 7.Re1 e5 8.a4 Re8
9.Nbd2 a5 10.h3 exd4 11.cxd4 b6 12.Bb5 Bb7 13.e5 dxe5 14.dxe5 Nd5 15.Nc4 Re7
16.Bg5 f6 17.Bh4 Nc5 18.Nd4 Nb4 19.Qg4 Qf8 20.Re3 Rd8 21.Rae1 f5 22.Bxe7 fxg4
23.Bxf8 Bxf8 24.e6 Be7 25.Bd7 gxh3 26.Rxh3 Nxd7 27.exd7 Rxd7 28.Ne6 Bf6 29.Ne5
Re7 30.Ng4 Bg7 31.Ree3 Nd5 32.Re2 h5 33.Nh2 Bc8 34.Rd3 Rxe6 35.Rxd5 Rxe2
36.Rd8+ Kf7 37.Rxc8 Re1+ 38.Nf1 Be5 {#R} 0-1

[Event "18th ch-EUR Indiv 2017"]
[Site "Minsk BLR"]
[Date "2017.06.06"]
[Round "7.75"]
[White "Svetushkin,D"]
[Black "Drozdowski,K"]
[Result "1-0"]
[WhiteElo "2573"]
[BlackElo "2478"]

1.e4 d6 2.d4 Nf6 3.f3 d5 4.e5 Nfd7 5.f4 c5 6.Nf3 Nc6 7.Nc3 cxd4 8.Nxd4 Nxd4
9.Qxd4 e6 10.Be3 Bc5 11.Qd2 Bxe3 12.Qxe3 Qb6 13.Qxb6 Nxb6 14.Bd3 Bd7 15.Ne2 f6
16.O-O fxe5 17.fxe5 Ke7 18.Rf4 Raf8 19.Rg4 g6 20.a4 Rc8 21.Rb4 Bc6 22.Nd4 Nd7
23.Nf3 a5 24.Rh4 Nc5 25.b4 axb4 26.Rxb4 Ra8 27.a5 Ra7 28.Rh4 Nxd3 29.cxd3 h5
30.Nd4 Bd7 31.Rf4 Rf8 32.Rxf8 Kxf8 33.Kf2 Ra6 34.Ke3 Ke7 35.h4 Ra8 36.g3 Ra6
37.Rb1 Rxa5 38.Rxb7 Ra1 39.Nb3 Rb1 40.Nc5 Rxb7 41.Nxb7 Ba4 42.Kd2 Bc6 43.Nc5
Kf7 44.Ke3 Bb5 45.Kd4 Bc6 46.Kc3 Ke7 47.Kb4 Be8 48.Ka5 Bc6 49.Kb6 Be8 50.d4
Bf7 51.Kc7 Be8 52.Nd3 Ba4 53.Nb4 Bd1 54.Nc6+ Ke8 55.Kd6 Bg4 56.Nb8 Kf7 57.Nd7
g5 58.hxg5 Bf5 59.Nc5 Bg4 60.Nxe6 {#r} 1-0

[Event "8th Dolomiti Open 2017"]
[Site "Forni di Sopra ITA"]
[Date "2017.06.11"]
[Round "2.7"]
[White "Henderson de La Fuente,Lance"]
[Black "Oppici,G"]
[Result "1-0"]
[WhiteElo "2365"]
[BlackElo "2036"]

1.e4 d6 2.d4 Nf6 3.Nc3 Nbd7 4.g4 h6 5.h4 e5 6.d5 Nc5 7.f3 Be7 8.Be3 Nfd7 9.Bf2
a5 10.Qd2 c6 11.O-O-O a4 12.a3 Qc7 13.Kb1 Rb8 14.Nge2 Qd8 15.Nc1 Qa5 16.N1a2
Nf6 17.Nb4 Bd7 18.Bc4 Rc8 19.Ba2 Na6 20.dxc6 bxc6 21.Nxa6 Qxa6 22.Ne2 Rb8
23.Ng3 d5 24.Ka1 d4 25.g5 hxg5 26.hxg5 Rxh1 27.Rxh1 Ng8 28.g6 Be6 29.Bxe6 fxe6
30.Rh8 Kf8 31.Bxd4 Rd8 32.Qh2 Bxa3 33.Rxg8+ Kxg8 34.Qh7+ Kf8 35.Qh8+ Ke7
36.Qxg7+ Kd6 37.Bxe5+ {#r} 1-0

[Event "10th Mayors Cup Open 2017"]
[Site "Mumbai IND"]
[Date "2017.06.07"]
[Round "6.27"]
[White "Sekar,B"]
[Black "Alahakoon,I"]
[Result "1-0"]
[WhiteElo "2247"]
[BlackElo "2047"]

1.e4 d6 2.d4 Nf6 3.Nc3 c6 4.Be3 Nbd7 5.Nf3 e5 6.a4 Be7 7.Bc4 Qc7 8.Ba2 h6
9.O-O Nf8 10.h3 a5 11.Qd3 Ng6 12.Ne2 d5 13.Nxe5 Nxe5 14.dxe5 Nxe4 15.c4 Nc5
16.Qc2 Qxe5 17.cxd5 Bf5 18.Qd1 O-O 19.Ng3 Bg6 20.Bd4 Qg5 21.Re1 cxd5 22.Re5
Qh4 23.Rxd5 Rad8 24.Bc3 Nd3 25.Qf3 Rxd5 26.Bxd5 Bc5 27.Rf1 Nf4 28.Bxb7 Rd8
29.Be5 Nd3 30.Bc7 Rd7 31.Qc6 Nxf2 32.Qxc5 {#r} 1-0

[Event "10th Mayors Cup Open 2017"]
[Site "Mumbai IND"]
[Date "2017.06.08"]
[Round "7.28"]
[White "Lama,Himal"]
[Black "Muthaiah,AL"]
[Result "0-1"]
[WhiteElo "2073"]
[BlackElo "2289"]

1.e4 d6 2.d4 Nf6 3.Nc3 c6 4.Nf3 Bg4 5.h3 Bh5 6.Be3 e6 7.Be2 d5 8.exd5 cxd5
9.g4 Bg6 10.Ne5 Nfd7 11.f4 Nxe5 12.dxe5 Nc6 13.Nb5 Be4 14.O-O a6 15.Nd4 Bc5
16.Qd2 Qb6 17.c3 O-O 18.b4 Bxd4 19.Bxd4 Nxd4 20.cxd4 f6 21.exf6 Rxf6 22.Rac1
h6 23.Rc5 Raf8 24.b5 a5 25.Bd3 Bxd3 26.Qxd3 Rxf4 27.Rxf4 Rxf4 28.Qg6 Rf6
29.Qe8+ Kh7 30.Qe7 a4 31.Qc7 Qxc7 32.Rxc7 Rf4 33.Rxb7 Rxd4 34.b6 Rd1+ 35.Kf2
Rd2+ 36.Ke3 Rxa2 37.Kd4 Rd2+ 38.Kc5 Rc2+ 39.Kb4 d4 40.Kxa4 d3 41.Rd7 d2 42.Kb3
Rc6 43.b7 Rc7 44.Rxd2 Rxb7+ 45.Kc4 Kg6 46.Rf2 Rd7 47.h4 h5 48.Rf4 e5 49.Re4
Rd4+ 50.Rxd4 exd4 51.g5 Kf5 52.Kxd4 Kg4 {#R} 0-1

[Event "44th OKU 2017"]
[Site "Utrecht NED"]
[Date "2017.06.11"]
[Round "5.6"]
[White "Sekandar,K"]
[Black "Van Overdam,Jul"]
[Result "0-1"]
[WhiteElo "2174"]
[BlackElo "2360"]

1.e4 a6 2.d4 b5 3.Bd3 Bb7 4.Ne2 Nf6 5.Ng3 e6 6.O-O h5 7.Nd2 h4 8.Ne2 c5 9.c3
d6 10.f4 Qb6 11.h3 Nc6 12.Nf3 cxd4 13.cxd4 Nb4 14.e5 Nxd3 15.Qxd3 Nd5 16.f5
Nb4 17.Qd2 dxe5 18.Nxe5 Nc6 19.Kh1 Nxe5 20.dxe5 exf5 21.Rxf5 Be7 22.Qf4 Qg6
23.Qf1 Rd8 24.Rf2 Qd3 25.Nf4 Qxf1+ 26.Rxf1 g5 27.Ne2 g4 28.Kh2 Rg8 29.Nf4 gxh3
30.gxh3 Bc5 {#R} 0-1

[Event "CHN Team Men 2017"]
[Site "Beijing CHN"]
[Date "2017.06.12"]
[Round "7.1"]
[White "Liang Jinrong"]
[Black "Liu Qingnan"]
[Result "1-0"]
[WhiteElo "2455"]
[BlackElo "2503"]
[EventType "team"]

1.e4 d6 2.c4 c5 3.Ne2 Nf6 4.Nbc3 Qa5 5.g3 h5 6.h3 Nc6 7.Bg2 Nd4 8.O-O h4 9.g4
Nxg4 10.hxg4 h3 11.Bh1 h2+ 12.Kg2 Bxg4 13.Kg3 Qd8 14.f3 e6 15.fxg4 Qh4+ 16.Kg2
Qxg4+ 17.Kf2 Qh4+ 18.Ke3 Qh3+ 19.Kf2 Qh4+ 20.Ke3 Qg5+ 21.Kf2 Qf6+ 22.Ke1 Qh4+
23.Rf2 Nc6 24.d3 g5 25.Be3 Ne5 26.Kd2 g4 27.Qf1 Nf3+ 28.Rxf3 gxf3 29.Qxf3
O-O-O 30.Rf1 Rd7 31.Rf2 Bg7 32.Ng3 Be5 33.Bf4 Rg8 34.Nce2 Bxb2 35.Nf1 Qd8
36.Kc2 Bg7 37.Bd2 Be5 38.Nxh2 b5 39.Ng4 Rb7 40.Nxe5 dxe5 41.cxb5 Qb6 42.Nc3 a6
43.a4 axb5 44.axb5 Qa5 45.Rg2 Rd8 46.Rg7 Qa7 47.Bg5 Rh8 48.Bg2 Rd7 49.Qg3 c4
50.dxc4 Qc5 51.Bf1 Rh1 52.Be3 Qe7 53.Rg8+ Rd8 54.Rxd8+ Qxd8 55.Bg2 Rh5 56.Bf3
Rh7 57.c5 f6 58.c6 Kc7 59.Bg1 Qa8 60.Qf2 Kc8 61.Qc5 Qa5 62.Qf8+ Kc7 63.b6+
Kxc6 64.Qc8+ Kd6 65.b7 Rc7 66.Qd8+ {#r} 1-0

[Event "8th Dolomiti Open 2017"]
[Site "Forni di Sopra ITA"]
[Date "2017.06.12"]
[Round "3.5"]
[White "Stany,G"]
[Black "Mufic,Go"]
[Result "1-0"]
[WhiteElo "2489"]
[BlackElo "2247"]

1.e4 d5 2.exd5 Qxd5 3.Nc3 Qd6 4.d4 Nf6 5.Nf3 c6 6.Ne5 Bf5 7.g4 Be6 8.g5 Bd5
9.gxf6 Bxh1 10.Qg4 Nd7 11.Nxd7 Qxd7 12.fxg7 Bxg7 13.Qxg7 O-O-O 14.Bf4 Qf5
15.Qe5 Qxe5+ 16.Bxe5 Rhg8 17.Bh3+ e6 18.Ke2 Bd5 19.Nxd5 cxd5 20.a4 Kd7 21.Ra3
Rc8 22.Kd2 Rg1 23.Rb3 b6 24.a5 Kc6 25.Rc3+ Kd7 26.Ra3 b5 27.a6 Kc6 28.Rc3+ Kd7
29.Rb3 Kc6 30.Rf3 f5 31.Rf4 Rb1 32.Rh4 Rxb2 33.Rh6 Kd7 34.Rxh7+ Kd8 35.Rh8+
Kd7 36.Rxc8 Kxc8 37.Bf1 Rb1 38.Be2 Kd7 39.h4 Kc6 40.Bd1 b4 41.h5 {#r} 1-0

[Event "10th Mayors Cup Open 2017"]
[Site "Mumbai IND"]
[Date "2017.06.07"]
[Round "6.26"]
[White "Saurabh,Anand"]
[Black "Priyanka,K"]
[Result "1-0"]
[WhiteElo "2266"]
[BlackElo "2051"]

1.e4 d5 2.exd5 Qxd5 3.Nc3 Qa5 4.Bc4 Nf6 5.d3 Bg4 6.f3 Bf5 7.g4 Bg6 8.f4 e6
9.Qe2 Be7 10.Bd2 Qb6 11.O-O-O Nc6 12.f5 Nd4 13.Qe1 Nxf5 14.gxf5 Bxf5 15.Nb5
Qc6 16.Ne2 a6 17.Nbd4 Qc5 18.Nxf5 Qxf5 19.Qg3 Bd6 20.Qg2 Qg4 21.Rhg1 Qxg2
22.Rxg2 Rg8 23.Rdg1 g6 24.Rf1 Nd7 25.Bf4 Ke7 26.Rgf2 f6 27.Re1 Rge8 28.Bxd6+
Kxd6 29.d4 e5 30.dxe5+ Rxe5 31.Rd1+ Ke7 32.Nf4 Nb6 33.Nd5+ Nxd5 34.Bxd5 c6
35.Bb3 Re8 36.Rfd2 Kf8 37.Rd7 R8e7 38.Rxe7 Kxe7 39.Kd2 Rh5 40.Re1+ Kd7 41.Re2
f5 42.Ke3 Rh4 43.Kf3 Kd6 44.Kg3 Rg4+ 45.Kh3 Kd7 46.Bg8 Rg5 47.Kh4 Rg4+ 48.Kh3
Rg5 49.Rg2 Rh5+ 50.Kg3 Rg5+ 51.Kf3 Rh5 52.Kf4 Ke7 53.Re2+ Kf6 54.Bb3 Rh4+
55.Kf3 Kg5 56.a4 Rb4 57.Bg8 h5 58.b3 Rf4+ 59.Kg2 Rg4+ 60.Kf2 Rd4 61.a5 Rd7
62.Be6 Re7 63.Bc4 Rd7 64.Kf3 Kf6 65.Re6+ Kg5 66.h4+ Kh6 67.c3 Rd1 68.Re7 Ra1
69.Rxb7 Rxa5 70.Kf4 Ra1 71.Bg8 Rf1+ 72.Ke5 g5 73.Kf6 {#r} 1-0

[Event "10th Mayors Cup Open 2017"]
[Site "Mumbai IND"]
[Date "2017.06.09"]
[Round "8.6"]
[White "Nguyen Duc Hoa"]
[Black "Murshed,N"]
[Result "1-0"]
[WhiteElo "2481"]
[BlackElo "2423"]

1.e4 d5 2.exd5 Qxd5 3.Nc3 Qd8 4.d4 Nf6 5.Nf3 a6 6.Ne5 e6 7.Bg5 Be7 8.Bd3 Nbd7
9.Qe2 Nd5 10.Nxd5 exd5 11.Nxd7 Qxd7 12.O-O Qe6 13.Qf3 Qg4 14.Qxg4 Bxg4 15.Rae1
Be6 16.Bxe7 Kxe7 17.f4 Kd6 18.f5 Bd7 19.f6 g6 20.c4 Rhe8 21.c5+ Kc6 22.Kf2
Rxe1 23.Rxe1 Be6 24.h4 Kd7 25.Kf3 h6 26.Re5 c6 27.Kf4 Re8 28.g4 Rg8 29.Bf1 Rh8
30.Be2 Re8 31.Bf1 Rh8 32.Bd3 Rg8 33.Be2 Re8 34.b4 Rg8 35.g5 h5 36.Bf1 Rd8
37.a4 Rb8 38.a5 Rd8 39.Rxe6 fxe6 40.Bd3 {#r} 1-0

[Event "10th Mayors Cup Open 2017"]
[Site "Mumbai IND"]
[Date "2017.06.11"]
[Round "10.30"]
[White "Muthaiah,AL"]
[Black "Shubham,L"]
[Result "1-0"]
[WhiteElo "2289"]
[BlackElo "2001"]

1.e4 d5 2.exd5 Qxd5 3.Nc3 Qd6 4.d4 Nf6 5.Nf3 a6 6.g3 Bg4 7.Bg2 Nc6 8.h3 Bh5
9.Bf4 Qb4 10.O-O O-O-O 11.a3 Qa5 12.g4 Nxg4 13.hxg4 Bxg4 14.d5 Nb8 15.b4 Qb6
16.Qd4 Qxd4 17.Nxd4 g6 18.Rfe1 Bg7 19.Be5 f6 20.Bg3 e5 21.Ne6 Bxe6 22.dxe6
Rde8 23.f4 f5 24.fxe5 Rxe6 25.Bd5 Re7 26.Bh4 Rxe5 27.Rxe5 Bxe5 28.Be6+ Nd7
29.Rd1 Bd6 30.Nd5 g5 31.Nb6+ cxb6 32.Rxd6 gxh4 33.Rxd7 Kb8 34.Bd5 Re8 35.Rxb7+
Kc8 36.Rxh7 Re3 37.Bb7+ Kd8 38.Bxa6 Rxa3 39.Bd3 f4 40.Rxh4 Kd7 41.Rxf4 Kd6
42.Kf2 Ke5 43.Ke3 Kd5 44.c4+ Ke5 45.Rf5+ Ke6 46.Rb5 Ra6 47.Rh5 Kd7 48.c5 Ra3
49.Rh7+ Kc8 50.c6 Rc3 51.b5 Rc5 52.Kf4 Kb8 53.c7+ Kb7 54.Be4+ Kc8 55.Bf5+ {#r}
1-0

[Event "12th Teplice Open 2017"]
[Site "Teplice CZE"]
[Date "2017.06.10"]
[Round "1.2"]
[White "Rausis,I"]
[Black "Wilton,L"]
[Result "1-0"]
[WhiteElo "2617"]
[BlackElo "2070"]

1.e4 d5 2.exd5 Nf6 3.Bb5+ Bd7 4.Bc4 b5 5.Bb3 Bg4 6.Nf3 Nxd5 7.Nc3 Nxc3 8.Bxf7+
Kxf7 9.Ng5+ Ke8 10.Qxg4 Nd5 11.Qe6 Qd6 12.Qc8+ Qd8 13.Qf5 Nf6 14.Qxb5+ c6
15.Qb7 Nbd7 16.Ne6 Qc8 17.Qxa8 Qxa8 18.Nc7+ Kd8 19.Nxa8 Kc8 20.d4 Kb7 21.O-O
Kxa8 22.Re1 Kb7 23.c4 Nb6 24.b3 Kc7 25.Ba3 Kd7 26.Re2 e6 27.Bc5 Ne8 28.Rae1
Nc7 29.g3 Nc8 30.Re3 Be7 31.Bxe7 Nxe7 32.Rf3 Ke8 33.Re5 g6 34.g4 Rf8 35.Kg2 h6
36.h4 Rg8 37.Kf1 Rg7 38.Ke2 Nc8 39.Kd3 a6 40.Rf4 Ke7 41.Rc5 Na7 42.b4 Rg8
43.Ke4 Rb8 44.a3 Rc8 45.Kd3 Rd8 46.a4 Rd7 47.g5 Kd6 48.Rf6 hxg5 49.Rxg5 Rh7
50.Rgxg6 Nc8 51.Rh6 Rg7 52.h5 Ne7 53.Rh8 Nf5 54.Rg6 {#r} 1-0

[Event "CHN Team Men 2017"]
[Site "Beijing CHN"]
[Date "2017.06.09"]
[Round "4.3"]
[White "Wan Yunguo"]
[Black "Zhou Jianchao"]
[Result "1-0"]
[WhiteElo "2482"]
[BlackElo "2595"]
[EventType "team"]

1.e4 d5 2.exd5 Qxd5 3.Nc3 Qd6 4.d4 Nf6 5.Nf3 Bg4 6.h3 Bh5 7.g4 Bg6 8.Ne5 Nbd7
9.f4 e6 10.Bg2 O-O-O 11.O-O Nxe5 12.fxe5 Qb6 13.Ne2 Nd5 14.Kh1 Be7 15.a3 c5
16.c4 Nc7 17.b4 Qa6 18.b5 Qb6 19.a4 a5 20.Ba3 Rd7 21.Rc1 Rhd8 22.Qe1 Rxd4
23.Nxd4 Rxd4 24.Bb2 Rd7 25.Rd1 Rxd1 26.Qxd1 Na8 27.Bc3 Qa7 28.Qd2 b6 29.Rd1 h6
30.Kg1 Kb8 31.Qe2 {#r} 1-0

[Event "CHN Team Women 2017"]
[Site "Beijing CHN"]
[Date "2017.06.11"]
[Round "6.4"]
[White "Liu,Manli"]
[Black "Wang Doudou"]
[Result "0-1"]
[WhiteElo "2173"]
[BlackElo "2189"]
[EventType "team"]

1.e4 d5 2.exd5 Qxd5 3.Nc3 Qd6 4.d4 Nf6 5.Bc4 c6 6.a4 Bf5 7.Nge2 e6 8.O-O Be7
9.Re1 O-O 10.Ng3 Bg6 11.Nce4 Nxe4 12.Nxe4 Qb4 13.b3 Qb6 14.a5 Qc7 15.c3 Nd7
16.Qf3 Nf6 17.Nxf6+ Bxf6 18.Bf4 Qd7 19.b4 Rfe8 20.g3 Rad8 21.h4 h5 22.Kg2 Be7
23.Bg5 Rc8 24.Bxe7 Qxe7 25.Re5 Qf6 26.Rae1 Rcd8 27.a6 Qxf3+ 28.Kxf3 b6 29.Kf4
Kh7 30.f3 Rd6 31.g4 Kh6 32.gxh5 Bxh5 33.R1e2 Re7 34.R2e3 Red7 35.Re1 Re7
36.Kg3 Rc7 37.Kf2 Bg6 38.Rg1 Bf5 39.Rge1 Rd8 40.Kg3 Kg6 41.R1e2 Kf6 42.R5e3
Rh8 43.Bd3 Bxd3 44.Rxd3 Rh5 45.Rde3 c5 46.dxc5 bxc5 47.b5 c4 48.Rb2 g5 49.Re4
gxh4+ 50.Rxh4 Rxh4 51.Kxh4 Ke5 52.Kg5 Rc8 53.b6 Rg8+ 54.Kh6 axb6 55.Rxb6 Rg1
56.a7 Ra1 57.Rb7 f5 58.Kg6 Kf4 59.Rc7 Kxf3 60.Kf6 Ra6 61.Ke5 Ke3 62.Rxc4 Rxa7
63.Rh4 f4 64.c4 Ra5+ 65.Kd6 e5 66.c5 e4 67.Kd5 Ra8 68.c6 Rd8+ 69.Ke5 Re8+
70.Kd5 f3 71.c7 f2 72.Rxe4+ Rxe4 {#R} 0-1

[Event "18th ch-EUR Indiv 2017"]
[Site "Minsk BLR"]
[Date "2017.06.06"]
[Round "7.34"]
[White "Gelashvili,T"]
[Black "Berkes,F"]
[Result "1-0"]
[WhiteElo "2563"]
[BlackElo "2654"]

1.e4 Nf6 2.e5 Nd5 3.d4 d6 4.c4 Nb6 5.exd6 exd6 6.Nc3 Be7 7.Bd3 O-O 8.Nge2 Nc6
9.O-O Bf6 10.b3 Re8 11.Be3 Bg4 12.Qd2 Bxe2 13.Nxe2 d5 14.c5 Nd7 15.b4 a6
16.Rae1 Nf8 17.Bb1 Qd7 18.a3 b6 19.h3 bxc5 20.bxc5 Rab8 21.Bc2 Ne7 22.Qa5 Qb5
23.Qd2 Qd7 24.Nc3 Nf5 25.c6 Qc8 26.Nxd5 Bd8 27.Bf4 Ne7 28.Qd3 Rb5 29.Nc3 Ra5
30.a4 Nfg6 31.d5 Kf8 32.Bg3 Qb8 33.h4 h5 34.Re3 Qb4 35.Rfe1 Qg4 36.Re4 Qf5
37.Qd4 {#r} 1-0

[Event "18th ch-EUR Indiv 2017"]
[Site "Minsk BLR"]
[Date "2017.06.10"]
[Round "11.19"]
[White "Kravtsiv,M"]
[Black "Mikaelyan,A"]
[Result "1-0"]
[WhiteElo "2653"]
[BlackElo "2444"]

1.e4 Nf6 2.e5 Nd5 3.d4 d6 4.c4 Nb6 5.exd6 exd6 6.Nc3 Be7 7.Nf3 O-O 8.Bd3 Bg4
9.O-O Nc6 10.h3 Bh5 11.Be3 Bf6 12.g4 Bg6 13.g5 Be7 14.Bxg6 hxg6 15.d5 Ne5
16.Nxe5 dxe5 17.Qg4 Qd7 18.b3 Qxg4+ 19.hxg4 Nd7 20.Rad1 Bd6 21.Kg2 f5 22.gxf6
gxf6 23.Rh1 b6 24.Rh3 f5 25.Rdh1 f4 26.Bc1 Nf6 27.Kf3 Kg7 28.Ne4 Nxe4 29.Kxe4
Kf6 30.Rh7 a5 31.Bd2 Rab8 32.f3 Rg8 33.Bc3 Rbe8 34.R1h2 Rg7 35.g5+ Kf7 36.Rh8
Ke7 37.Bxe5 Bxe5 38.Rxe8+ Kxe8 39.Kxe5 Ke7 40.Rh4 Rf7 41.Rxf4 Rh7 42.Rf6 Rh2
43.Rxg6 Re2+ 44.Kf5 Rxa2 45.Re6+ Kd7 46.g6 Rg2 47.Kf6 Rg3 48.Re3 Rxf3+ {#r}
1-0

[Event "12th American Continental"]
[Site "Medellin COL"]
[Date "2017.06.11"]
[Round "2.46"]
[White "Prado,Leonardo"]
[Black "Fernandez,Li"]
[Result "0-1"]
[WhiteElo "2140"]
[BlackElo "2402"]

1.e4 Nf6 2.e5 Nd5 3.d4 d6 4.c4 Nb6 5.exd6 cxd6 6.Nc3 g6 7.Be3 Bg7 8.Rc1 O-O
9.b3 f5 10.d5 f4 11.Bd4 Bxd4 12.Qxd4 e5 13.dxe6 Bxe6 14.Be2 Nc6 15.Qd2 Qg5
16.h4 Qe7 17.Nf3 Bg4 18.O-O Bxf3 19.Bxf3 Ne5 20.Bd5+ Kg7 21.g3 Nxd5 22.Qxd5
Rf5 23.Qe4 Raf8 24.Nd5 Qe6 25.Rc3 f3 26.Rd1 R5f7 27.Kf1 Re8 28.Ne3 Ree7 29.Ke1
h5 30.Qd4 Kh7 31.Kd2 Nc6 32.Qd3 Nb4 33.Qd4 Nxa2 34.Rd3 Nb4 35.Rc3 Nc6 36.Qd3
Qe5 37.Kc1 Nb4 38.Qd4 Qa5 {#R} 0-1

[Event "12th American Continental"]
[Site "Medellin COL"]
[Date "2017.06.11"]
[Round "2.50"]
[White "Noboa,Kevin"]
[Black "Mosquera,M"]
[Result "0-1"]
[WhiteElo "2129"]
[BlackElo "2391"]

1.e4 Nf6 2.e5 Nd5 3.d4 d6 4.Nf3 g6 5.Bc4 Nb6 6.Bb3 Bg7 7.O-O dxe5 8.Nxe5 O-O
9.c3 N8d7 10.Qe2 Nxe5 11.dxe5 Bf5 12.Rd1 Qc8 13.Bf4 Be6 14.Nd2 Rd8 15.Ne4
Rxd1+ 16.Bxd1 Bc4 17.Qf3 Bd5 18.Bb3 Qf5 19.Ng3 Qe6 20.Re1 Rd8 21.Bxd5 Nxd5
22.Ne2 Qb6 23.b3 Nxf4 24.Nxf4 e6 25.h4 Qa5 26.Qe3 Qxa2 27.b4 Qd2 28.Qxd2 Rxd2
29.g4 Bh6 30.g5 Bf8 31.Re4 b5 32.Ne2 c5 33.bxc5 Bxc5 34.Kf1 Rd1+ 35.Kg2 a5
36.Ng3 Rd2 37.Rf4 Rd1 38.Ne4 Be7 39.Kf3 a4 40.Rg4 Ra1 41.Ke2 a3 42.Kd2 a2 {#R}
0-1

[Event "9th Lublin GM 2017"]
[Site "Lublin POL"]
[Date "2017.06.08"]
[Round "7.5"]
[White "Jarmula,L"]
[Black "Sergeev,Vl"]
[Result "1-0"]
[WhiteElo "2444"]
[BlackElo "2446"]

1.e4 Nf6 2.e5 Nd5 3.d4 d6 4.Nf3 dxe5 5.Nxe5 c6 6.Be2 Bf5 7.O-O Nd7 8.Nf3 Qc7
9.c4 Nf4 10.Nc3 e6 11.d5 Bc5 12.Bxf4 Qxf4 13.dxc6 bxc6 14.Qa4 Qc7 15.b4 Be7
16.Nd4 Bf6 17.Rad1 Bxd4 18.Rxd4 O-O 19.Rfd1 Nb6 20.Qa5 Rac8 21.Rd6 h6 22.Qc5
Rfd8 23.Nb5 Qb8 24.Rxd8+ Rxd8 25.Rxd8+ Qxd8 26.Nxa7 Qd2 27.Bf1 Na4 28.Qe3 Qxb4
29.Nxc6 Qd6 30.Nd4 Bb1 31.a3 Qc5 32.Qb3 Qxd4 33.Qb8+ Kh7 34.Qxb1+ f5 35.Qd3
Qe5 36.Qe3 Qxe3 37.fxe3 Kg6 38.Kf2 Kf6 39.Ke2 Ke5 40.Kd3 Kd6 41.Be2 Kc5 42.Kc2
g5 43.Kb3 Nb6 44.h3 e5 45.a4 f4 46.a5 Nc8 47.Bf3 fxe3 48.Kc3 Nd6 49.Bd5 Nc8
50.Kd3 Kb4 51.a6 Ka5 52.Bb7 Na7 53.Kxe3 Kb4 54.Kd3 h5 55.g3 Kc5 56.Kc3 {#r}
1-0

[Event "18th ch-EUR Indiv 2017"]
[Site "Minsk BLR"]
[Date "2017.06.06"]
[Round "7.60"]
[White "Iljiushenok,I"]
[Black "Andriasian,Z"]
[Result "1-0"]
[WhiteElo "2489"]
[BlackElo "2622"]

1.e4 d6 2.d4 Nf6 3.Nc3 g6 4.Be3 Bg7 5.Qd2 c6 6.Bh6 Bxh6 7.Qxh6 Qa5 8.Bd3 Na6
9.Nf3 Bg4 10.Ng5 Nb4 11.O-O Nxd3 12.cxd3 Be6 13.Rac1 Qb6 14.d5 cxd5 15.exd5
Nxd5 16.Nxd5 Bxd5 17.Rfe1 Kd7 18.Qh4 Rae8 19.Qf4 f5 20.Ne6 Rc8 21.Qa4+ Bc6
22.Qh4 Rce8 23.b4 a5 24.bxa5 Qxa5 25.Qd4 Rhg8 26.Re2 Rc8 27.Nc5+ Kd8 28.Ne6+
Kd7 29.Nc5+ Kd8 30.Qh4 Re8 31.Rce1 Kc7 32.Ne6+ Kb8 33.Ng7 Rg8 34.Ne6 Rge8
35.Qxh7 Qd5 36.Qh3 g5 37.Qg3 Rg8 38.d4 Bb5 39.Re3 f4 40.Qf3 Qxa2 41.Ra3 Qc4
42.Raa1 Qc3 43.Qd5 Bc4 44.Qf5 Rc6 45.d5 Ra6 46.Rac1 Qa5 47.Qf7 Rc8 48.Red1 Ka7
49.Qxe7 f3 50.Qd7 Kb8 51.gxf3 Qa4 52.Qg7 Rb6 53.Qd4 Rb4 54.Rd2 Qb5 55.Ra2 Qb6
56.Qa1 Bxa2 57.Rxc8+ Kxc8 58.Qh8+ Kd7 59.Qg7+ Ke8 60.Qf8+ {#r} 1-0

[Event "18th ch-EUR Indiv 2017"]
[Site "Minsk BLR"]
[Date "2017.06.06"]
[Round "7.64"]
[White "Alekseev,Evgeny"]
[Black "Potapov,P"]
[Result "1-0"]
[WhiteElo "2610"]
[BlackElo "2497"]

1.e4 g6 2.d4 Bg7 3.Nf3 d6 4.Bd3 Nf6 5.O-O O-O 6.Re1 Nc6 7.d5 Nb8 8.h3 e5 9.c4
b6 10.Nc3 h6 11.Be3 Nh5 12.Bf1 Nf4 13.Kh2 g5 14.g3 Ng6 15.Nd2 f5 16.exf5 Bxf5
17.Nde4 Nd7 18.b4 Nf6 19.Bg2 Nxe4 20.Nxe4 Ne7 21.c5 Bg6 22.Rc1 Nf5 23.cxd6
cxd6 24.Rc6 Nxe3 25.fxe3 Bxe4 26.Bxe4 Rf2+ 27.Kg1 Qf6 28.Qg4 Rf8 29.Qe6+ Kh8
30.Qxf6 R8xf6 31.Rxd6 Rxa2 32.Re6 Rf8 33.d6 Rd2 34.Bc6 Bf6 35.Rf1 Kg7 36.d7
Rf7 37.e4 Be7 38.Bd5 {#r} 1-0

[Event "10th Mayors Cup Open 2017"]
[Site "Mumbai IND"]
[Date "2017.06.07"]
[Round "6.8"]
[White "Grover,S"]
[Black "Karthik,V4"]
[Result "1-0"]
[WhiteElo "2478"]
[BlackElo "2317"]

1.e4 g6 2.d4 Nf6 3.e5 Nh5 4.Be2 d6 5.Nc3 dxe5 6.dxe5 Qxd1+ 7.Bxd1 c6 8.Be3 Be6
9.f4 Bh6 10.Bxh5 gxh5 11.Nf3 Na6 12.O-O Nc7 13.Nd4 O-O-O 14.Nxe6 Nxe6 15.Ne2
Ng7 16.Rf3 Nf5 17.Kf1 f6 18.e6 b6 19.Rh3 Rd5 20.Re1 Rhd8 21.Bc1 Ng7 22.Nc3 Rd4
23.g3 Rc4 24.g4 Bxf4 25.b3 Rxc3 26.Rxc3 Bxc1 27.Rxc1 hxg4 28.Rxc6+ Kb7 29.Rc4
h5 30.Re1 Nf5 31.Kf2 Nd6 32.Rd4 f5 33.Ke3 Kc6 34.Kf4 Rg8 35.Kg3 Ne4+ 36.Kf4 g3
37.hxg3 Rg4+ 38.Ke5 Rxg3 39.Rc4+ Kb7 40.Rd1 b5 41.Rd7+ Kb6 42.Rc8 Nc5 43.Rxe7
Re3+ 44.Kd5 Na6 45.Rc6+ {#r} 1-0

[Event "44th OKU 2017"]
[Site "Utrecht NED"]
[Date "2017.06.11"]
[Round "5.7"]
[White "Elgersma,Simon"]
[Black "Lanchava,T"]
[Result "1-0"]
[WhiteElo "2142"]
[BlackElo "2295"]

1.e4 g6 2.d4 d6 3.Nc3 a6 4.Be3 Nd7 5.Qd2 b5 6.O-O-O Bb7 7.f3 Ngf6 8.g4 Nb6
9.b3 Nfd7 10.h4 h6 11.Nh3 b4 12.Ne2 c5 13.dxc5 dxc5 14.g5 h5 15.Nhf4 Bg7
16.Bh3 Bc6 17.Nd5 Nxd5 18.exd5 Qa5 19.Kb1 Bb5 20.Ng3 O-O 21.Ne4 Rac8 22.f4 Nb6
23.Nxc5 Bc3 24.Qc1 Rc7 25.Ne4 Be2 26.Nxc3 bxc3 27.Rde1 Bf3 28.Rhf1 Bxd5
29.Bxb6 Qxb6 30.f5 Ra8 31.fxg6 fxg6 32.Qe3 Qxe3 33.Rxe3 Kg7 34.Rd1 Bf7 35.Rdd3
Rb8 36.a3 Bxb3 37.cxb3 Rxb3+ 38.Kc2 Rb2+ 39.Kc1 Rb3 40.Be6 Rxa3 41.Rf3 {#r}
1-0